Entry Nombre personal
001 - NÚMERO DE CONTROL
- campo de control: 165936
003 - IDENTIFICADOR DE NÚMERO DE CONTROL
- campo de control: SpMaBN
005 - FECHA Y HORA DE LA ÚLTIMA TRANSACCIÓN
- campo de control: 20251211135225.0
008 - ELEMENTOS DE DATO DE LONGITUD-FIJA
- campo de control de longitud fija: 901120n| aijnnaabn a aaa
016 ## - NÚMERO DE CONTROL DE UNA AGENCIA BIBLIOGRÁFICA NACIONAL
- Número de control del registro: BNE19900282024
024 7# - IDENTIFICADOR DE OTROS ESTÁNDARES
- Número estándar o código: http://viaf.org/viaf/86796658/
- Fuente: viaf
024 7# - IDENTIFICADOR DE OTROS ESTÁNDARES
- Número estándar o código: https://isni.org/isni/0000000060846244
- Fuente: isni
024 7# - IDENTIFICADOR DE OTROS ESTÁNDARES
- Número estándar o código: http://www.wikidata.org/entity/Q5639383
- Fuente: wikidata
040 ## - FUENTE DE CATALOGACIÓN
- Centro catalogador/agencia de origen: SpMaBN
- Lengua de catalogación: spa
- Centro/agencia transcriptor: SpMaBN
- Normas de descripción: rdc
- Convención/Normas de encabezamiento de materia/tesauro: embne
046 ## - FECHAS CON CODIFICACIÓN ESPECIAL
- Fecha de nacimiento: 1927
- Fecha de la muerte: 1998
100 1# - ENCABEZAMIENTO-NOMBRE DE PERSONA
- Nombre de persona: Buylla, Adolfo,
- Fechas asociadas al nombre: 1927-1998
370 ## - LUGAR ASOCIADO
- Lugar de nacimiento: Barcelona
- Número de control del registro de autoridad o número normalizado: XX450579
- Fuente de información: Wikidata
374 ## - OCUPACIÓN
- Ocupación: Historietista
- Fuente de información: Wikidata
375 ## - GÉNERO/SEXO
- Género: Masculino
- Fuente de información: Wikidata
377 ## - IDIOMA ASOCIADO
- Término de lengua/lenguaje: Catalán
- Término de lengua/lenguaje: Español
400 1# - TRAZADO DE VÉASE--NOMBRE DE PERSONA
- Nombre de persona: Álvarez Buylla, Adolfo,
- Fechas asociadas al nombre: 1927-1998
400 1# - TRAZADO DE VÉASE--NOMBRE DE PERSONA
- Nombre de persona: Álvarez-Buylla Aguelo, Adolfo,
- Fechas asociadas al nombre: 1927-1998
400 1# - TRAZADO DE VÉASE--NOMBRE DE PERSONA
- Nombre de persona: Buylla,
- Fechas asociadas al nombre: 1927-1998
670 ## - FUENTE DE DATOS ENCONTRADOS
- Cita de la fuente: Yago veloz, 1977
- Información encontrada: (guión y dibujos, Adolfo Buylla)
670 ## - FUENTE DE DATOS ENCONTRADOS
- Cita de la fuente: Historietas para la historia, 2001
- Información encontrada: port. (Adolfo Buylla)
670 ## - FUENTE DE DATOS ENCONTRADOS
- Cita de la fuente: Los tres mosqueteros, 1992
- Información encontrada: port. (Adolfo Álvarez Buylla)
670 ## - FUENTE DE DATOS ENCONTRADOS
- Cita de la fuente: Atlas español de la cultura popular, de la historieta y su uso, 1873-2000, 2000
- Información encontrada: (Buylla (Adolfo Álvarez-Buylla Aguelo); n. 1927, Zaragoza; m. 1998, Oviedo; dibujante y guionista)
670 ## - FUENTE DE DATOS ENCONTRADOS
- Cita de la fuente: ¡Ataque nocturno! y otras aventuras, 2015
- Información encontrada: (Buylla)
